The View Between Villages (Extended) - Noah Kahan (All Lyrics) - Statistics

General Stats
  • This quiz has been taken 29 times
  • The average score is 235 of 302
Answer Stats
Lyrics % Correct
a
100%
A
100%
And
100%
and
100%
be
100%
between
100%
For
100%
for
100%
I
100%
I,
100%
I'm
100%
in
100%
it
100%
It's
100%
it's
100%
me
100%
me,
100%
my
100%
of
100%
of,
100%
so
100%
the
100%
The
100%
They
100%
villages,
100%
again
95%
all
95%
dog,
95%
far
95%
Feel
95%
feel
95%
from
95%
got
95%
home,
95%
knew
95%
last
95%
lost
95%
not
95%
over
95%
road
95%
Road,
95%
that
95%
things
95%
am
89%
angry
89%
back
89%
but
89%
death,
89%
death
89%
everything's
89%
here,
89%
mile
89%
or
89%
past
89%
people
89%
skin
89%
still
89%
to
89%
As
84%
I've
84%
minute,
84%
minute
84%
surrounded
84%
their
84%
Their
84%
there
84%
two
84%
bridge
79%
Brook
79%
car's
79%
dreams
79%
grippin'
79%
ha
79%
ha,
79%
is
79%
just
79%
on
79%
reverse,
79%
scared
79%
seventeen
79%
stretch
79%
washin'
79%
wheel
79%
world
79%
Alger
74%
leave
74%
lungs
74%
rush
74%
simple
74%
Air
68%
blood,
68%
down
68%
homes
68%
mean,
68%
Oh
68%
oh,
68%
oh
68%
Oh,
68%
Passed
68%
'til
68%
at
63%
begins
63%
bugs
63%
by
63%
city
63%
curve
63%
driving
63%
girl,
63%
graveyard,
63%
middle
63%
seemed
63%
valley
63%
"When
63%
happy
58%
meanin'
58%
splittin'
58%
any
53%
are
53%
arms
53%
earth,
53%
eyes
53%
start
53%
Well,
53%
big
47%
enough
47%
extended,
47%
ghosts
47%
personally
47%
town
47%
found
42%
left
42%
means"
42%
(Ah,
37%
ah,
37%
ah
37%
ah)
37%
Ah,
37%
Ah
37%
close
37%
community
37%
has
37%
look
37%
want
37%
anything
32%
grew
32%
meaning
32%
out
32%
up
32%
each
26%
guess
26%
lot
26%
other
26%
really
26%
small
26%
"Strafford,
26%
This
26%
with
26%
Because
21%
that's
21%
way
21%
help"
16%
same
16%
uh,
16%
anybody
11%
needs
11%
Ooh
11%
(Woah)
11%
No matching quizzes found
Score Distribution
Percent of People with Each Score
Percentile by Number Answered
Your Score History
You have not taken this quiz